| 000 | 00447nam a2200181Ia 4500 | ||
|---|---|---|---|
| 005 | 20250603145524.0 | ||
| 008 | 250603s9999 xx 000 0 und d | ||
| 020 | _a9781032285603 | ||
| 050 | _aQL 713.2 .P49/ | ||
| 100 | _aEdited by Castellini, Micheal .A. | ||
| 245 | 0 | _aPhysiology of Marine Mammals | |
| 260 | _aBoca Raton | ||
| 260 | _bCRC Press | ||
| 260 | _c2024 | ||
| 300 | _aXiii, 354p.: ill. | ||
| 650 | _aBoca Raton | ||
| 942 | _cBK | ||
| 999 |
_c42104 _d42104 |
||